[Event "Tripoli Four Seasons-B"]
[Site "Tripoli"]
[Date "2020.03.11"]
[Round "3"]
[White "Zenhom, Mohamed Hassan"]
[Black "Albosaifi, Malek A"]
[Result "1-0"]
[WhiteElo "1768"]
[BlackElo "1717"]
[PlyCount "51"]
[EventDate "2020.03.09"]
[EventType "tourn"]
[EventRounds "9"]
[EventCountry "LBY"]
[SourceTitle "CBM 195 Extra"]
[Source "ChessBase"]
[SourceDate "2020.05.31"]
[SourceVersion "1"]
[SourceVersionDate "2020.05.31"]
[SourceQuality "1"]

1. e4 g6 2. d4 d6 3. Nf3 Bg7 4. Nc3 f5 5. Bc4 Nc6 6. Ng5 Nh6 7. Be3 e5 8. dxe5 Bxe5 9. f4 Bf6 10. Nd5 Bxg5 11. fxg5 Ng4 12. Bd4 Nce5 13. h3 c6 14. hxg4 cxd5 15. Bxd5 Qxg5 16. exf5 gxf5 17. Rh5 Qf4 18. Qd2 Qg3+ 19. Bf2 Qxg4 20. Rg5 Qa4 21. 0-0-0 Bd7 22. Bb3 Qc6 23. Qxd6 Qxd6 24. Rxd6 0-0-0 25. Bxa7 Kc7 26. Rd5 1-0

[Event "Tripoli Four Seasons-B"]
[Site "Tripoli"]
[Date "2020.03.10"]
[Round "2"]
[White "Faranka, Khaled"]
[Black "Zenhom, Mohamed Hassan"]
[Result "0-1"]
[WhiteElo "1748"]
[BlackElo "1768"]
[PlyCount "72"]
[EventDate "2020.03.09"]
[EventType "tourn"]
[EventRounds "9"]
[EventCountry "LBY"]
[SourceTitle "CBM 195 Extra"]
[Source "ChessBase"]
[SourceDate "2020.05.31"]
[SourceVersion "1"]
[SourceVersionDate "2020.05.31"]
[SourceQuality "1"]

1. Nf3 Nf6 2. c4 g6 3. Nc3 d5 4. cxd5 Nxd5 5. d4 Bg7 6. g3 0-0 7. Bg2 Nxc3 8. bxc3 c5 9. 0-0 Nc6 10. Bb2 Qc7 11. Qc2 Na5 12. Rac1 Bh6 13. e3 Nc4 14. Ba1 Bf5 15. Qe2 Nd6 16. Nd2 c4 17. e4 Bxd2 18. Qxd2 Nxe4 19. Qe3 Nd6 20. Rfe1 Rfe8 21. Bb2 Qa5 22. Ra1 Bd3 23. g4 Rac8 24. f4 e6 25. Qd2 f5 26. Re5 Qa4 27. gxf5 gxf5 28. Qf2 Rc7 29. d5 Rg7 30. Kh1 Ne4 31. Bxe4 Bxe4+ 32. Rxe4 fxe4 33. Rg1 Ree7 34. dxe6 Rxg1+ 35. Qxg1+ Rg7 36. Qc1 e3 0-1